Vista normal Vista MARC

Entrada Genre/Form Term

Número de registros utilizados en: 1

001 - CONTROL NUMBER

  • control field: 3867

003 - CONTROL NUMBER IDENTIFIER

  • control field: OSt

005 - DATE AND TIME OF LATEST TRANSACTION

  • control field: 20240530114603.0

008 - FIXED-LENGTH DATA ELEMENTS

  • fixed length control field: 240530|| aca||aabn | a|a d

040 ## - CATALOGING SOURCE

  • Original cataloging agency: OSt
  • Transcribing agency: OSt

155 ## - HEADING--GENRE/FORM TERM

  • Genre/form term: Cuello: Coronal

670 ## - SOURCE DATA FOUND

  • Source citation: Work cat.: (OSt)809: Möller, Torsten B. 2, Atlas de bolsillo de Cortes Anatómicos. Tomografía Computarizada y Resonancia Magnética. , 2009.

UNIVERSIDAD NACIONAL DEL COMAHUE
Biblioteca de la Facultad de Ciencias Médicas
Sede Toschi: Los Arrayanes y Av. Toschi, Cipolletti  - Rio Negro
Sede Los Tordos:  Yrigoyen al 2211, Cipolletti - Rio Negro 

Teléfono: 0299 - 4774707 int 25
Contacto: biblioteca@facimed.uncoma.edu.ar
© 2011 - 2026